000 00417nam a2200181Ia 4500
001 19855
005 20260306172723.0
008 260306t2005||||xx |||||||||||||| ||spa||
041 _aESP
082 _a341.11
_bS45
100 _aSevilla Bujalance, Juan Luis
_eAUT
245 0 _aLa persona
260 _c2005
300 _a310 páginas :
_c23 cm.
650 _aGEN
654 _aCDE
942 _cLIB
_dJUS
_fJUS
_2ddc
_n
999 _c19855
_d19855